000 00436ntaaa2200181 4500
003 01
005 20251027202744.0
008 0714s1973 ag 01
040 _aAR-BaBN
_bspa
_cAR-BaBN
_eaacr
_dRIC
082 _a790.0000 P996
100 _aPylant, Agnes Durant
245 _aPlaytime
250 _a1 ed.
260 _aNashville :
_bBroadman Press,
_cc1950
300 _axiii, 241 p
650 _aiglesia y recreaciones
942 _cBK
999 _c22819
_d22819